|
|
|
|
| LEADER |
01047nam a2200253 a 4500 |
| 001 |
GR-Patra36656 |
| 008 |
091124s2005 enk g b 001 0 eng d |
| 020 |
|
|
|a 9781861564825
|
| 082 |
|
0 |
|a 616.855
|2 23
|
| 245 |
0 |
0 |
|a Differential diagnosis and treatment of children with speech disorder /
|c edited by Barbara Dodd.
|
| 250 |
|
|
|a 2nd ed.
|
| 260 |
|
|
|a London
|a Philadelphia :
|b Whurr,
|c 2005
|
| 300 |
|
|
|a xiv, 353 σ. ;
|c 23 εκ.
|
| 504 |
|
|
|a Περιλαμβάνει βιβλιογραφίες και ευρετήριο.
|
| 650 |
|
0 |
|a DIAGNOSIS, DIFFERENTIAL
|
| 650 |
|
0 |
|a Speech disorders in children
|
| 650 |
|
4 |
|a ΔΙΑΓΝΩΣΗ, ΔΙΑΦΟΡΙΚΗ
|
| 650 |
|
4 |
|a Λόγος, διαταραχές του
|x παιδιά
|
| 700 |
1 |
|
|a Dodd, Barbara
|
| 710 |
0 |
|
|a Whurr
|
| 942 |
|
|
|2 ddc
|
| 952 |
|
|
|0 0
|1 0
|2 ddc
|4 0
|6 616_855000000000000_DIF
|7 1
|9 317044
|a LISK
|b LISK
|c BSC
|d 2021-01-17
|e 24
|f 0
|g 0.00
|l 0
|o 616.855 DIF
|p 92410052131
|r 2021-01-17 00:00:00
|t 1
|w 2021-01-17
|y BKN
|x 20140526 0 0
|x GrPaTEI
|
| 971 |
|
|
|a .b26842282
|b 15-04-20
|c 27-09-16
|
| 999 |
|
|
|c 180460
|d 180460
|